Tutela judicial efectiva en la relación jurídica penitenciaria

Gardado en:
Detalles Bibliográficos
Autor Principal: Kendall Craig, Stephen (Author)
Formato: Libro
Idioma:Lingua castelá
Publicado: Santiago Librotecnia 2010
Edición:1a. ed
Subjects:
Tags: Engadir etiqueta
Sen Etiquetas, Sexa o primeiro en etiquetar este rexistro!

MARC

LEADER 00000nam a2200000 a 4500
001 UCG6977
003 CL-VaPUC
008 110609e20100000CL |||||||||||||||||spa|d
020 |a 9789563270341 
082 0 4 |a 347.05  |b KEN  |2 21 
100 0 |a Kendall Craig, Stephen  |e author  |9 557492 
245 1 0 |a Tutela judicial efectiva en la relación jurídica penitenciaria 
250 |a 1a. ed 
300 |a 214 p 
942 |c BK 
945 |d 20110609 00:00:00  |a dcastane 
260 |a Santiago  |b Librotecnia  |c 2010 
650 0 |a Tutela judicial efectiva  |9 486082 
650 0 |a Sistema penitenciario  |9 408502 
650 0 |a Cárceles   |9 372952 
650 7 |a PROCEDIMIENTO JUDICIAL  |2 CL-VaPUC  |9 557493 
650 0 |a Derecho procesal penal  |9 255496 
583 |a last modification  |c 20110609 00:00:00  |k Rodrigo Vera 
999 |c 345082  |d 345080 
952 |0 0  |1 0  |4 0  |6 347_050000000000000_KEN_2010  |7 0  |8 A  |9 443530  |a BIBDER  |b BIBDER  |d 2019-11-22  |i 4782941  |l 1  |o 347.05 KEN 2010  |p 4782941  |r 2024-06-28  |s 2024-06-17  |w 2019-11-22  |y BK  |k DER